| 000 | 01033nam a22002897a 4500 | ||
|---|---|---|---|
| 001 | 700 | ||
| 005 | 20230703075536.0 | ||
| 008 | 230630b cb ||||| |||| 00| 0 eng d | ||
| 020 |
_a0060252065 : _c$10.95 |
||
| 020 |
_a0060252073 (lib. bdg.) : _c$10.89 |
||
| 040 |
_aDLC _cDLC _dDLC _beng |
||
| 050 | 0 | 0 |
_aPZ7.S217 _bLp 1989 |
| 082 | 0 | 0 |
_a[E] _219 |
| 100 | 1 | _aSandin, Joan. | |
| 245 | 1 | 4 |
_aThe long way westward / _cby Joan Sandin. |
| 250 | _aFirst Harper Trophy edition, 1992 | ||
| 260 |
_aNew York : _bHarper Collins, _c1992. |
||
| 300 |
_a63 pages : _bcolor illustrations ; _c22 cm. |
||
| 505 | _aM | ||
| 520 | _aRelates the experiences of two young brothers and their family, immigrants from Sweden, from their arrival in New York through the journey to their new home in Minnesota. | ||
| 521 |
_a530
_bLexile |
||
| 521 |
_aM
_bRaz-Plus |
||
| 650 | 1 |
_aEmigration and immigration _xFiction. |
|
| 650 | 1 |
_aSwedish-Americans _xFiction. |
|
| 906 |
_a7 _bcbc _corignew _d1 _eocip _f19 _gy-gencatlg |
||
| 942 |
_2ddc _cBK _n0 |
||
| 999 |
_c700 _d700 |
||